| 000 | 01603nam a2200337 a 4500 | ||
|---|---|---|---|
| 001 | 000047470 | ||
| 003 | DO-SdBNP | ||
| 005 | 20210915120159.0 | ||
| 008 | 180606s2017 dr a 000 spa d | ||
| 020 | _a9789945894677 | ||
| 040 |
_aDO-SdBNP _bspa _cBPMSU |
||
| 082 |
_a410 _bC934c 2017 _222 |
||
| 245 | 0 |
_aCrítica, ciencia y lenguaje / _cFidel Munnigh... [et.al] |
|
| 260 |
_aSanto Domingo : _bAcademia de Ciencia de la República Dominicana, _c2017. |
||
| 300 |
_a76 p. : _bil. ; _c24 cm. |
||
| 505 | 0 | _aCritica, Ciencia y Lenguaje. Odalis G. Pérez – 7 Ciencia, Critica y Lenguaje. Fidel Munnigh -- 9 Conceptos sobre las artes visuales. Alberto Bass -- 13 Crítica de arte, ciencia y contemporaneidad. Zoila Anitza Gutiérrez -- 19 Quinto estado de la materia o estado de dispersión de la materia. Segundo Reynoso -- 29 --Los falsos valores de la crítica dominicana. Plinio Chahin -- 33 Humanidades artísticas: Teoría, Metodología y Critica Cultural. Odalis G. Pérez -- 39 | |
| 590 | _aInventariado,2021/VM | ||
| 650 | 4 |
_aFilosofía del lenguaje _xCrítica e interpretación. |
|
| 650 | 4 |
_aSociolingüística _vCongresos, conferencias, etc. |
|
| 650 | 4 |
_aCrítica de arte _vEnsayos, conferencias, etc.. |
|
| 650 | 4 |
_aCrítica cultural _vEnsayos, conferencias, etc.. _x |
|
| 700 | 1 | _aMunnigh, Fidel | |
| 700 | 1 | _aBass, Alberto | |
| 700 | 1 | _aAnitza Gutiérrez, Zoilo | |
| 700 | 1 | _aReynoso, Segundo | |
| 700 | 1 | _a Chahín, Plinio | |
| 700 | 1 | _aPérez, Odalís | |
| 710 | 2 | _aAcademia de Ciencia de la República Dominicana, | |
| 910 | _aVMateo V. | ||
| 942 |
_2ddc _cBK |
||
| 999 |
_c13730 _d13730 |
||